Statistics for Pro Poker Players By Nickname

Click here to take the quiz!

General Stats

  • This quiz has been taken 306 times
    (276 since last reset)
  • The average score is 7 of 15

Answer Stats

Hint Answer % Correct
POKER BRATPHIL HELLMUTH
88%
KID POKERDANIEL NEGREANU
84%
TEXAS DOLLYDOYLE BRUNSON
81%
THE MOUTHMIKE MATUSOW
65%
UNIBOMBERPHIL LAAK
61%
JESUSCHRIS FERGUSON
60%
GRINDERMIKE MIZRACHI
53%
FOSSILMANGREG RAYMER
39%
PROFESSORHOWARD LEDERER
37%
PRINCE OF POKERSCOTTY NGUYEN
37%
THE MASTERMEN NGUYEN
35%
EL MATADORCARLOS MORTENSEN
22%
ACTIONDAN HARRINGTON
18%
THE SHARKHUMBERTO BRENES
16%
ESKIMOPAUL CLARK
12%

Score Distribution

Percentile by Number Answered

Percent of People with Each Score

Your Score History

You have not taken this quiz since the last reset